Posilování individuální zodpovědnosti v oblasti finanční gramotnosti v terciárním a celoživotním vzdělávání

Neznalosť finančných produktov a ich nerozvážne prijímanie, často pod vplyvom reklamy, vedie k ťažkým životným situáciám, s ktorými si zvlášť mladí ľudia nedokážu poradiť. Preto je nevyhnutné zavádzať vzdelávanie v oblasti finančnej gramotnosti nielen na základných a stredných školách, ale aj v ter...

Full description

Saved in:
Bibliographic Details
Main Author: Jakubcová, Dagmar
Other Authors: Páleníčková, Libuše
Format: Book Chapter
Language:Czech
Subjects:
Tags: Add Tag
No Tags, Be the first to tag this record!

MARC

LEADER 00000nla a2200000 4500
001 0233439
005 20240417075122.5
041 0 |a cze 
044 |a SK 
245 1 0 |a Posilování individuální zodpovědnosti v oblasti finanční gramotnosti v terciárním a celoživotním vzdělávání  |c Dagmar Jakubcová, Libuše Páleníčková 
520 |a Neznalosť finančných produktov a ich nerozvážne prijímanie, často pod vplyvom reklamy, vedie k ťažkým životným situáciám, s ktorými si zvlášť mladí ľudia nedokážu poradiť. Preto je nevyhnutné zavádzať vzdelávanie v oblasti finančnej gramotnosti nielen na základných a stredných školách, ale aj v terciálnej sfére. Dôležité je vzdelávať občanov a zoznamovať ich s problematikou osobných financií i v rámci celoživotného vzdelávania, pretože oblasť financií prináša stále nové produkty, čo vedie k nutnosti znalosti a zručnosti neustále doplňovať. 
610 2 0 |a gramotnosť finančná 
610 2 0 |a mládež 
610 2 0 |a dospelí 
610 2 0 |a zručnosti 
610 2 0 |a vzdelávanie 
610 2 0 |a vzdelávanie celoživotné 
610 2 0 |a vzdelávanie terciárne 
610 2 0 |a Česko 
100 1 |a Jakubcová, Dagmar 
700 1 |a Páleníčková, Libuše